| 000 | 00657nam a22002057a 4500 | ||
|---|---|---|---|
| 999 |
_c3201 _d3201 |
||
| 003 | AR-CdUCM | ||
| 008 | 190306b ||||| |||| 00| 0 spa d | ||
| 040 |
_aMUNICIPALIDAD PROVINCIAL DEL CUSCO _cBIBLIOTECA MUNICIPAL DEL CUSCO |
||
| 082 |
_a869.15 / _bG24 |
||
| 100 |
_aGarcía Ponce, Juan _94328 |
||
| 245 | _aEl gato y otros cuentos / | ||
| 260 |
_aMéxico, D.F : _bFondo de Cultura Económica, _c1995. |
||
| 300 |
_a153 páginas ; _c21 cm. |
||
| 505 | _aEl gato -- La Plaza -- Anticipación -- Envío -- Enigma -- Rito | ||
| 650 |
_aCuento _94671 |
||
| 650 |
_aSiglo XX _98 |
||
| 650 |
_aCuentos Mexicanos _9413 |
||
| 942 |
_2ddc _cLIBROS |
||
| 945 | _admma | ||